NFL 2010s Stat Leaders - Statistics

General Stats
  • This quiz has been taken 170 times
  • The average score is 73 of 100
Answer Stats
Year Stat Team Answer % Correct
2019 Passing Touchdowns Ravens Lamar Jackson (36)
98%
2019 Rushing Yards Titans Derrick Henry (1540)
97%
2018 Receiving Yards Falcons Julio Jones (1677)
97%
2015 Receiving Yards Falcons Julio Jones (1871)
97%
2010 | 2015 Passing Touchdowns Patriots Tom Brady (36)
97%
2017 Passing Yards Patriots Tom Brady (4577)
97%
2019 Rushing Touchdowns Packers Aaron Jones (16)
96%
2017 Sacks Cardinals Chandler Jones (17)
96%
2019 Passing Yards Buccaneers Jameis Winston (5109)
96%
2018 Receptions Saints Michael Thomas (125)
96%
2019 Receptions Saints Michael Thomas (149)
96%
2019 Receiving Yards Saints Michael Thomas (1725)
96%
2014 Receptions Steelers Antonio Brown (129)
95%
2015 Receptions Steelers Antonio Brown (136)
95%
2017 Receiving Yards Steelers Antonio Brown (1533)
95%
2014 Receiving Yards Steelers Antonio Brown (1698)
95%
2018 Receiving Touchdowns Steelers Antonio Brown (18)
95%
2012 Receiving Touchdowns Packers James Jones (12)
95%
2012 Receptions Lions Calvin Johnson (122)
94%
2011 Receiving Yards Lions Calvin Johnson (1681)
94%
2012 Receiving Yards Lions Calvin Johnson (1964)
94%
2018 Rushing Yards Cowboys Ezekiel Elliot (1434)
93%
2016 Rushing Yards Cowboys Ezekiel Elliot (1638)
93%
2018 Passing Touchdowns Chiefs Patrick Mahomes (50)
92%
2011 | 2012 Passing Touchdowns Saints Drew Brees (43)
91%
2015 Passing Yards Saints Drew Brees (4870)
91%
2012 Passing Yards Saints Drew Brees (5177)
91%
2016 Passing Yards Saints Drew Brees (5208)
91%
2011 Passing Yards Saints Drew Brees (5476)
91%
2018 Sacks Rams Aaron Donald (20.5)
90%
2017 Rushing Touchdowns Rams Todd Gurley (13)
89%
2018 Rushing Touchdowns Rams Todd Gurley (17)
89%
2016 Passing Touchdowns Packers Aaron Rodgers (40)
88%
2017 Passing Touchdowns Seahawks Russell Wilson (34)
88%
2013 Passing Yards Broncos Peyton Manning (5477)
86%
2013 Passing Touchdowns Broncos Peyton Manning (55)
86%
2015 Rushing Yards Vikings Adrian Peterson (1485)
85%
2012 Rushing Yards Vikings Adrian Peterson (2097)
85%
2019 Tackles Seahawks Bobby Wagner (159)
85%
2016 Tackles Seahawks Bobby Wagner (167)
85%
2014 Passing Touchdowns Colts Andrew Luck (40)
84%
2015 Sacks Texans JJ Watt (17.5)
84%
2012 Sacks Texans JJ Watt (20.5)
84%
2016 Receptions Cardinals Larry Fitzgerald (107)
84%
2015 Interceptions Chiefs Marcus Peters (8)
84%
2017 Receiving Touchdowns Texans DeAndre Hopkins (13)
82%
2014 Passing Yards Steelers Ben Roethlisberger (4952)
81%
2018 Passing Yards Steelers Ben Roethlisberger (5129)
81%
2014 Rushing Touchdowns Seahawks Marshawn Lynch (13)
81%
2014 Tackles Panthers Luke Keuchly (154)
80%
2012 Tackles Panthers Luke Keuchly (164)
80%
2019 Interceptions Patriots Stephon Gilmore (6)
80%
2017 Rushing Yards Chiefs Kareem Hunt (1327)
79%
2013 Rushing Yards Eagles LeSean McCoy (1607)
78%
2011 Rushing Touchdowns Eagles LeSean McCoy (17)
78%
2010 Passing Yards Chargers Phillip Rivers (4710)
78%
2016 Receiving Yards Colts T.Y. Hilton (1448)
78%
2014 Receiving Touchdowns Cowboys Dez Bryant (16)
75%
2016 Receiving Touchdowns Packers Jordy Nelson (14)
74%
2013 Rushing Touchdowns Chiefs Jamaal Charles (12)
72%
2013 Interceptions Seahawks Richard Sherman (8)
72%
2012 Rushing Touchdowns Texans Arian Foster (15)
69%
2010 Rushing Touchdowns Texans Arian Foster (16)
69%
2010 Rushing Yards Texans Arian Foster (1616)
69%
2014 Rushing Yards Cowboys DeMarco Murray (1845)
69%
2013 Receiving Yards Browns Josh Gordon (1646)
69%
2010 Receptions Falcons Roddy White (115)
67%
2015 Receiving Touchdowns Seahawks Doug Baldwin (14)
64%
2011 Receptions Patriots Wes Welker (122)
64%
2016 Rushing Touchdowns Patriots LeGarrette Blount (18)
63%
2011 Rushing Yards Jaguars Maurice Jones-Drew (1603)
63%
2011 Receiving Touchdowns Patriots Rob Gronkowski (17)
63%
2010 Interceptions Ravens Ed Reed (8)
62%
2015 Rushing Touchdowns Falcons Devonta Freeman (11)
61%
2017 Receptions Dolphins Jarvis Landry (112)
61%
2011 Sacks Vikings Jared Allen (22)
59%
2013 Receiving Touchdowns Saints Jimmy Graham (16)
59%
2019 Receiving Touchdowns Lions Kenny Golladay (11)
56%
2018 Tackles Colts Shaquille Leonard (163)
56%
2019 Sacks Buccaneers Shaquille Barrett (19.5)
50%
2017 Interceptions Lions Darius Slay (8)
45%
2016 Sacks Falcons Vic Beasley (15.5)
42%
2010 Sacks Cowboys DeMarcus Ware (15.5)
40%
2010 Receiving Touchdowns Chiefs Dwayne Bowe (15)
37%
2014 Sacks Chiefs Justin Houston (22)
35%
2018 Interceptions Bears Kyle Fuller (7)
35%
2015 Tackles 49ers NaVorro Bowman (144)
34%
2013 Receptions Commanders Pierre Garcon (113)
32%
2011 Interceptions Chargers Eric Weddle (7)
29%
2013 Tackles Bengals Vontaze Burfict (171)
29%
2013 Sacks Colts Robert Mathis (19.5)
25%
2010 Receiving Yards Broncos Brandon Lloyd (1448)
23%
2010 Tackles Patriots Jerod Mayo (174)
21%
2011 Tackles Commanders London Fletcher (166)
21%
2016 Interceptions Chargers Casey Hayward (7)
19%
2017 Tackles Packers Blake Martinez (144)
16%
2014 Interceptions Lions Glover Quinn (7)
12%
2012 Interceptions Bears Tim Jennings (9)
11%
No matching quizzes found
Score Distribution
Percent of People with Each Score
Percentile by Number Answered
Your Score History
You have not taken this quiz